[Event "45th Olympiad Budapest 2024"]
[Site "Budapest"]
[Date "2024.09.20"]
[Round "9.4"]
[White "Jaramillo Lopez, Ali Aaron"]
[Black "Guevara Ruiz, Marvin Andres"]
[Result "1-0"]
[WhiteElo "2258"]
[BlackElo "2003"]
[PlyCount "53"]
[EventDate "2024.09.11"]
[EventType "team"]
[EventRounds "11"]
[EventCountry "HUN"]
[WhiteTeam "Venezuela"]
[BlackTeam "El Salvador"]
[WhiteTeamCountry "VEN"]
[BlackTeamCountry "ESA"]

1. c4 e6 2. g3 d5 3. Bg2 Nf6 4. Nf3 c5 5. cxd5 exd5 6. d4 Nc6 7. O-O Be7 8. b3 O-O 9. Bb2 Bg4 10. dxc5 ({RR} 10. Ne5 cxd4 11. Nxg4 Nxg4 12. e3 Nf6 13. exd4 Re8 14. Nc3 Bf8 15. Qd3 Qd7 16. Rae1 Rxe1 17. Rxe1 Rd8 18. Bc1 h6 19. Bf4 Bb4 20. Rd1 Bd6 21. Be3 Ba3 22. Bf4 Bd6 23. Be3 Ba3 24. Bf4 {½-½ (24) Gurevich,M (2627)-Aronian,L (2741) Heraklion 2007}) 10... Bxf3 $146 ({RR} 10... Bxc5 11. Qc1 Bb6 12. Qg5 d4 13. Nbd2 Re8 14. Nc4 Rxe2 15. Rad1 h6 16. Qb5 d3 17. h3 Be6 18. Bxf6 Qxf6 19. Rxd3 Bxc4 20. bxc4 Rxa2 21. c5 Ra5 22. Qb3 Rxc5 23. Nd2 Qe7 24. Ne4 Re5 25. Nc3 {Verlinden,D-Lacrosse,M (2270) Ostend 1987 0-1}) ({RR} 10... Bxc5 11. Nbd2 Ne4 12. Rc1 Bb6 13. e3 Re8 14. h3 Bh5 15. g4 Bg6 16. Nxe4 dxe4 17. Nd4 Ne5 18. Qe2 Nd3 19. Rcd1 Qf6 20. Rd2 Nxb2 21. Rxb2 Bxd4 22. exd4 Qxd4 23. Rd2 Qe5 24. Qe3 Rac8 25. Qxa7 {Jimenez,J (2195)-Simonian,H (2431) chess.com INT 2023 0-1 (71)}) ({RR} 10... Bxc5 11. Qc1 Bxf3 12. Bxf3 Bd4 13. Na3 Qb6 14. Nc2 Be5 15. Ne3 Nd4 16. Qd2 Nxf3+ 17. exf3 Bxb2 18. Qxb2 Rad8 19. Rad1 d4 20. Nc4 Qc5 21. Rd3 b5 22. Na3 Nd7 23. b4 Qf5 24. Rxd4 Ne5 25. Rf4 {Svana,P (2230)-Dolnak,M (2164) Slovakia 2013 0-1 (39)}) ({RR} 10... Bxc5 11. e3 Qe7 12. h3 Bh5 13. g4 Bg6 14. Nc3 Rad8 15. Na4 Bd6 16. Nc3 Bb8 17. Nb5 Rfe8 18. Rc1 a6 19. Ba3 Qd7 20. Nbd4 h5 21. g5 Ne4 22. Re1 Nxd4 23. Nxd4 Be5 24. f4 Bb8 25. Qf3 {Bogumil,T (2139)-Keymer,V (2352) Prague 2015 0-1 (63)}) 11. Bxf3 Bxc5 12. Nc3 Qe7 13. Nxd5 Nxd5 14. Bxd5 Rfd8 15. e4 Nb4 16. Qg4 g6 17. Qf3 Nxd5 18. exd5 Qd6 19. Rad1 Rac8 20. Rfe1 a5 21. h4 Bb4 22. Re2 Re8 23. h5 Rxe2 24. Qxe2 Bc3 25. Rc1 Qf6 26. Qe3 Bxb2 27. Rxc8+ 1-0

[Event "45th Olympiad Budapest 2024"]
[Site "Budapest"]
[Date "2024.09.20"]
[Round "9.1"]
[White "Ben Ammar, Mohamed"]
[Black "Neiksans, Arturs"]
[Result "0-1"]
[WhiteElo "2143"]
[BlackElo "2571"]
[PlyCount "90"]
[EventDate "2024.09.11"]
[EventType "team"]
[EventRounds "11"]
[EventCountry "HUN"]
[WhiteTeam "Tunisia"]
[BlackTeam "Latvia"]
[WhiteTeamCountry "TUN"]
[BlackTeamCountry "LAT"]

1. d4 f5 2. e4 fxe4 3. Nc3 Nf6 4. f3 d5 5. fxe4 dxe4 6. Bg5 Bf5 7. Nge2 e6 8. Ng3 Be7 9. Bb5+ c6 10. Bc4 Nbd7 11. O-O Nb6 12. Bb3 Qd7 $146 ({RR} 12... Bg4 13. Qd2 Nbd5 14. Ncxe4 Nxe4 15. Nxe4 Bf5 16. Bxe7 Qxe7 17. Ng5 O-O-O 18. Nf3 Nf6 19. Qa5 Kb8 20. Rae1 Qd6 21. Re5 g5 22. c3 Ng4 23. Rfe1 Nxe5 24. Nxe5 Rhf8 25. Nf3 Ka8 26. Re5 g4 27. Ng5 {Solino Barreiro,M (1837)-Wagstaff,M Zarautz 2013 1-0 (32)}) 13. Bxf6 Bxf6 14. Ncxe4 Qxd4+ 15. Qxd4 Bxd4+ 16. Kh1 Bxb2 17. Nd6+ Kd7 18. Rad1 Kc7 19. Ngxf5 exf5 20. Rxf5 Rhf8 21. Rxf8 Rxf8 22. Nc4 Nxc4 23. Bxc4 b5 24. Bd3 h6 25. g4 Kb6 26. Bf5 Kc5 27. Kg2 Re8 28. Kf3 Bd4 29. Rd3 Re1 30. h4 a5 31. h5 a4 32. Bh7 Ra1 33. Bg8 Bf6 34. Re3 Rc1 35. Re2 Kb4 36. c4 bxc4 37. Re4 c5 38. Re2 c3 39. Bh7 c4 40. Rc2 Ra1 41. Bg8 Bg5 42. Ke4 Rc1 43. Re2 c2 44. Bh7 Kc3 45. Ke5 Bd2 0-1

[Event "45th Olympiad Budapest 2024"]
[Site "Budapest"]
[Date "2024.09.20"]
[Round "9.2"]
[White "Meshkovs, Nikita"]
[Black "Meftahi, Houssem"]
[Result "1-0"]
[WhiteElo "2534"]
[BlackElo "2112"]
[PlyCount "67"]
[EventDate "2024.09.11"]
[EventType "team"]
[EventRounds "11"]
[EventCountry "HUN"]
[WhiteTeam "Latvia"]
[BlackTeam "Tunisia"]
[WhiteTeamCountry "LAT"]
[BlackTeamCountry "TUN"]

1. Nf3 {Ftacnik,Lubomir} d5 2. d4 e6 3. c4 c6 4. e3 Nf6 5. Nc3 Nbd7 6. Qc2 Bd6 7. g4 g6 ({RR} 7... dxc4 8. e4 ({RR} 8. g5 Nd5 9. Bxc4 Nxc3 10. bxc3 e5) ({RR} 8. Bxc4) 8... e5 9. g5 ({RR} 9. dxe5 Nxe5 10. Nxe5 Bxe5 11. g5 Nh5) 9... exd4 10. Nxd4 ({RR} 10. gxf6 dxc3 11. fxg7 Rg8 12. Qxc3 Qe7 13. Qxc4 Rxg7) 10... Ng4 11. h3 ({RR} 11. Bxc4 Nde5 12. Be2 Bc5) ({RR} 11. f4 Bc5 12. Nce2 Nde5 13. fxe5 Bxd4) 11... Nge5 12. Be3 ({RR} 12. f4 Bc5 13. Nf5 Nf3+ 14. Ke2 Ng1+ 15. Ke1 g6) 12... Nc5 13. O-O-O Ned3+ 14. Kb1 Qe7 15. Rg1 ({RR} 15. b3 Nb4 16. Qd2 Nxe4) 15... g6 ({RR} 15... Nb4 16. Qe2 Nxe4 17. Qxc4) ({RR} 15... O-O 16. Nf5 Bxf5 17. exf5 Be5) 16. Bg2 O-O 17. Ka1 Bf4 18. Bxf4 Nxf4 19. h4 ({RR} 19. Bf1 Nxh3 20. Bxh3 Bxh3) 19... Rd8 20. Qd2 Ncd3 21. Qe3 Bg4 22. Rd2 {Adams,M (2620)-Kasparov,G (2780) Dortmund 1992 CBM 029 [Ftacnik,Lubomir] 0-1} {RR} Qe5 23. Nc2 Rd7) ({RR} 7... O-O 8. g5 Nh5 9. Bd2 f5 10. gxf6 Nhxf6 11. Ng5 Qe8 12. O-O-O h6 13. h4) ({RR} 7... Qe7 8. g5 Nh5 9. Be2 g6 10. e4 dxe4 11. Nxe4 Bb4+ 12. Bd2 f5 13. gxf6 Nhxf6 14. Neg5 e5 15. O-O-O Bxd2+ 16. Nxd2 exd4 17. Rde1 O-O 18. Bg4 Qd6 19. Be6+ Kg7 20. Rhg1 Ne5 21. f4 Nf7 22. c5 {Vijayakumar,R (2197)-Pozimski,S (2018) England ENG 2024 1-0}) 8. g5 Nh5 9. e4 e5 $146 ({RR} 9... O-O 10. e5 Be7 11. b3 dxc4 12. bxc4 Qc7 13. Bb2 c5 14. Nb5 Qc6 15. d5 exd5 16. cxd5 Qxd5 17. Be2 Qc6 18. Qc3 Nb6 19. e6 f6 20. gxf6 Bxf6 21. Qc2 Bxb2 22. Qxb2 Bxe6 23. O-O-O Nc4 24. Qc3 {Witek,T (2120)-Bielinski,L (2099) Warsaw 2006 0-1}) 10. exd5 O-O 11. Be3 exd4 12. Nxd4 c5 13. Nf3 Ne5 14. Nxe5 Bxe5 15. O-O-O Qa5 16. a3 Ng7 17. Ne4 Bf5 18. Bd3 b5 19. f4 bxc4 20. Qxc4 Bxe4 21. Bxe4 Bd6 22. Rhf1 Rab8 23. Bd2 Qc7 24. Bc2 Nh5 25. Rf3 Rb7 26. Rdf1 Rfb8 27. Bc3 Bf8 28. d6 Qxd6 29. f5 Bg7 30. fxg6 hxg6 31. Rxf7 Kh8 32. Bxg7+ Nxg7 33. Qc3 Qd4 34. Rf8+ 1-0

[Event "45th Olympiad Budapest 2024"]
[Site "Budapest"]
[Date "2024.09.20"]
[Round "9.3"]
[White "Taieb, Sahbi"]
[Black "Miezis, Normunds"]
[Result "0-1"]
[WhiteElo "2118"]
[BlackElo "2417"]
[PlyCount "140"]
[EventDate "2024.09.11"]
[EventType "team"]
[EventRounds "11"]
[EventCountry "HUN"]
[WhiteTeam "Tunisia"]
[BlackTeam "Latvia"]
[WhiteTeamCountry "TUN"]
[BlackTeamCountry "LAT"]

1. e4 c5 2. Nc3 e6 3. Nf3 a6 4. g3 Nc6 5. Bg2 g5 6. d3 ({RR} 6. O-O Bg7 7. d3 h6 8. h4 g4 9. Nd2 h5 10. Nc4 d6 11. a4 Nge7 12. Bf4 e5 13. Bd2 Ng8 14. f3 Nd4 15. Ne3 Bh6 16. fxg4 Bxe3+ 17. Bxe3 Bxg4 18. Qd2 Ne6 {1-0 (18) Baklan,V (2639)-Miezis,N (2572) Ghent 2009}) ({RR} 6. h3 Bg7 7. d3 h6 8. O-O Nge7 9. Be3 Nd4 10. Bd2 Ng6 11. Nxd4 Bxd4 12. Qc1 Qc7 13. Ne2 Bg7 14. c3 b5 15. a4 Bb7 16. Be3 Ne5 17. Qd1 c4 18. Nc1 cxd3 19. Nxd3 Nc4 20. Bc1 Rc8 {Harika,D (2422)-Miezis,N (2413) Riga 2021 ½-½ (73)}) 6... h6 7. Be3 d6 8. h3 e5 $146 ({RR} 8... Bg7 9. d4 cxd4 10. Nxd4 Ne5 11. b3 Qc7 12. Qd2 Bd7 13. Rd1 g4 14. Nce2 h5 15. f4 gxf3 16. Nxf3 Rc8 17. Nfd4 Ne7 18. c4 b5 19. cxb5 axb5 20. O-O Ra8 21. Nf3 N7g6 22. Nf4 Nxf4 23. gxf4 {Westerinen,H (2358)-Miezis,N (2525) Gausdal 2003 ½-½ (57)}) 9. Ne2 Nge7 10. c3 f5 11. exf5 Nxf5 12. Bd2 Be6 13. g4 Nfe7 14. Ng3 d5 15. Qe2 Ng6 16. O-O Qc7 17. Nh5 O-O-O 18. Rab1 Bd6 19. b4 Rhf8 20. b5 axb5 21. Rxb5 Qf7 22. Rfb1 Rd7 23. Be3 Qe7 24. Bc1 Rc7 25. a4 Bg8 26. Ng3 Nf4 27. Bxf4 exf4 28. Qxe7 Nxe7 29. Ne2 Bh7 30. Nc1 Rf6 31. Rb6 Re6 32. a5 Nc6 33. a6 bxa6 34. Rxa6 Kd7 35. Ra8 Re8 36. Rxe8 Kxe8 37. h4 Be7 38. hxg5 hxg5 39. Rb6 Kd7 40. Nd2 Bg8 41. Ncb3 Ne5 42. d4 cxd4 43. cxd4 Nc4 44. Rg6 Bf7 45. Rg7 Nxd2 46. Nxd2 Ke8 47. Nf3 Bf6 48. Rh7 Rc1+ 49. Kh2 Kf8 50. Ne5 Bxe5 51. dxe5 Re1 52. Rxf7+ Kxf7 53. Bxd5+ Ke7 54. e6 Kd6 55. Bb3 Rb1 56. Bc4 Rb4 57. Ba6 Kxe6 58. Kg2 Ke5 59. Bc8 Rb3 60. Bd7 Kd4 61. Bc6 Kd3 62. Kf3 Rb6 63. Bd7 Rb4 64. Be6 Kd2 65. Bd5 Ke1 66. Be6 Rb2 67. Bc4 Rxf2+ 68. Ke4 Rc2 69. Bd3 Rc5 70. Kd4 Ra5 0-1

[Event "45th Olympiad Budapest 2024"]
[Site "Budapest"]
[Date "2024.09.20"]
[Round "9.4"]
[White "Starostits, Ilmars"]
[Black "Amdouni, Zoubaier"]
[Result "1-0"]
[WhiteElo "2344"]
[BlackElo "2151"]
[PlyCount "51"]
[EventDate "2024.09.11"]
[EventType "team"]
[EventRounds "11"]
[EventCountry "HUN"]
[WhiteTeam "Latvia"]
[BlackTeam "Tunisia"]
[WhiteTeamCountry "LAT"]
[BlackTeamCountry "TUN"]

1. e4 c5 2. Nc3 Nc6 3. g3 g6 4. Bg2 Bg7 5. f4 d6 6. d3 e6 7. Nf3 Nge7 8. O-O O-O 9. Be3 b6 10. Bf2 e5 ({RR} 10... Rb8 11. Qd2 e5 12. fxe5 dxe5 13. Nd5 Nxd5 14. exd5 Nd4 15. c3 Nxf3+ 16. Bxf3 Bh3 17. Rfe1 f5 18. c4 e4 19. dxe4 fxe4 20. Bxe4 Rxf2 21. Kxf2 Bd4+ 22. Ke2 b5 23. Rac1 bxc4 24. Rxc4 Rxb2 25. Rxd4 {Starostits,I (2482)-Georgiev,K (2645) Benasque 2009 0-1}) 11. Qd2 ({RR} 11. Rb1 h6 12. Ne2 Bg4 13. h3 Be6 14. a3 Qd7 15. Kh2 d5 16. exd5 Bxd5 17. fxe5 Nxe5 18. Nf4 Bb7 19. Re1 N7c6 20. Nd2 Rfe8 21. Ne4 f5 22. Nd2 Rad8 23. b4 cxb4 24. axb4 Kh7 25. Kg1 Nd4 {Gur,A (1899)-Soltanici,R (2347) Izmir TUR 2024 ½-½ (32)}) 11... Nd4 12. Nh4 $146 ({RR} 12. Nxd4 cxd4 13. Ne2 Bg4 14. h3 Bxe2 15. Qxe2 Rc8 16. Be1 exf4 17. gxf4 f5 18. Bh4 Qd7 19. Rae1 Rc5 20. Bxe7 Qxe7 21. exf5 Qxe2 22. Rxe2 Rcxf5 23. Re7 R8f7 24. Re8+ Rf8 25. Re7 R8f7 {½-½ (25) Garcia Castro,P (2324)-Estremera Panos,S (2398) Cala Galdana 2001}) ({RR} 12. Nxd4 exd4 13. Ne2 d5 14. Rfd1 Be6 15. Qe1 Qd7 16. c3 dxc3 17. bxc3 Bh3 18. e5 f6 19. d4 Bxg2 20. Kxg2 Rac8 21. Rac1 g5 22. Qd2 fxe5 23. dxe5 Rc6 24. fxg5 Bxe5 25. Be3 Qg4 26. Bf4 Re6 {De Vos,N (2271)-Matnadze,A (2393) Belgium 2018 0-1 (33)}) ({RR} 12. Be3 Nxf3+ 13. Rxf3 Bg4 14. Rf2 exf4 15. gxf4 Qd7 16. Raf1 Rae8 17. Kh1 f5 18. h3 Bh5 19. Re1 Bf6 20. Rff1 Bh4 21. Bf2 Bf6 22. Bg3 Bg7 23. Bh4 Kh8 24. Kh2 b5 25. a3 a5 26. Nd5 Nxd5 {Klinova,M (2269)-Goormachtigh,J (2164) Roux 2019 ½-½ (46)}) 12... f6 13. Rae1 g5 14. Nf5 Bxf5 15. exf5 gxf4 16. gxf4 d5 17. fxe5 Ndxf5 18. e6 Kh8 19. d4 Bh6 20. Qd3 Rg8 21. dxc5 d4 22. Ne4 Nd5 23. Ng3 Nde3 24. cxb6 Nxg2 25. Kxg2 Qd5+ 26. Qe4 1-0

[Event "45th Olympiad Budapest 2024"]
[Site "Budapest"]
[Date "2024.09.20"]
[Round "9.1"]
[White "Garcia Pantoja, Roberto"]
[Black "Sanchez Alvarez, Roberto Carlos"]
[Result "0-1"]
[WhiteElo "2550"]
[BlackElo "2376"]
[PlyCount "100"]
[EventDate "2024.09.11"]
[EventType "team"]
[EventRounds "11"]
[EventCountry "HUN"]
[WhiteTeam "Colombia"]
[BlackTeam "Panama"]
[WhiteTeamCountry "COL"]
[BlackTeamCountry "PAN"]

1. e4 c5 2. Nf3 d6 3. Bb5+ Bd7 4. Bxd7+ Nxd7 5. O-O Ngf6 6. Qe2 e6 7. b3 g6 8. c3 ({RR} 8. Bb2 Bg7 9. c4 O-O 10. d4 cxd4 11. Nxd4 a6 12. Nc3 Re8 13. Rad1 Qb6 14. Ba1 Rad8 15. Nf3 Nc5 16. Rfe1 h6 17. g3 Qc7 18. Bb2 Qb6 19. Ba1 Qc7 20. Bb2 Qb6 {½-½ (20) Anand,V (2779)-Grischuk,A (2737) Doha 2016}) ({RR} 8. Bb2 Bg7 9. c4 O-O 10. Rd1 e5 11. Nc3 Nh5 12. Nd5 f5 13. d3 f4 14. b4 b6 15. a4 Nhf6 16. a5 Nxd5 17. cxd5 cxb4 18. axb6 Qxb6 19. d4 a5 20. dxe5 dxe5 21. Rdc1 Rfc8 22. Ng5 Bh6 {Zhukov,M (1835)-Golubev,M (2461) chess.com INT 2024 1-0}) 8... Bg7 9. d4 O-O 10. Bf4 d5 $146 ({RR} 10... Qc7 11. Nbd2 Qc6 12. Rfe1 a6 13. Rad1 Rac8 14. h3 b5 15. Qe3 Rfe8 16. Bh6 cxd4 17. cxd4 e5 18. dxe5 dxe5 19. Bxg7 Kxg7 20. Nf1 Qc5 21. Qe2 Qb4 22. Ng3 {½-½ (22) Brynell,S (2506)-San Segundo Carrillo,P (2528) Leon 2001}) 11. e5 Ne4 12. Qe3 f6 13. Nbd2 g5 14. Bg3 Nxg3 15. hxg3 g4 16. exf6 Qxf6 17. Nh2 h5 18. Rad1 Rae8 19. Nb1 b6 20. Na3 e5 21. dxc5 d4 22. cxd4 exd4 23. Qc1 Nxc5 24. Nb5 Rd8 25. Nxa7 Kh8 26. Qc4 Ne4 27. Nb5 Nxf2 28. Rd2 Bh6 29. Rdxf2 Be3 30. Qe2 Qxf2+ 31. Rxf2 Rxf2 32. Qxf2 Rf8 33. Qxe3 dxe3 34. Nc3 Rc8 35. Ne2 Rd8 36. Nf1 Rd1 37. Nf4 Rb1 38. a4 Rxb3 39. Kh2 Kh7 40. Ne2 Ra3 41. Nf4 Kh6 42. Ne2 Ra2 43. Nxe3 Rxe2 44. Nc4 Re6 45. Kg1 Kg5 46. Kf2 Kf5 47. a5 b5 48. Nb6 b4 49. a6 Rxb6 50. a7 Ra6 0-1

[Event "45th Olympiad Budapest 2024"]
[Site "Budapest"]
[Date "2024.09.20"]
[Round "9.2"]
[White "Delgado Rosas, Alex Antonio"]
[Black "Cardoso Cardoso, Jose Gabriel"]
[Result "0-1"]
[WhiteElo "2157"]
[BlackElo "2508"]
[PlyCount "114"]
[EventDate "2024.09.11"]
[EventType "team"]
[EventRounds "11"]
[EventCountry "HUN"]
[WhiteTeam "Panama"]
[BlackTeam "Colombia"]
[WhiteTeamCountry "PAN"]
[BlackTeamCountry "COL"]

1. d4 Nf6 2. Bf4 d5 3. e3 c5 4. Nf3 Nc6 5. Nbd2 cxd4 6. exd4 Bf5 7. c3 e6 8. Qb3 Bd6 9. Qxb7 Bxf4 10. Qxc6+ Kf8 11. g3 ({RR} 11. Ne5 Rb8 12. Nb3 g5 13. Qc5+ Kg7 14. Qxa7 Rf8 15. Nc6 Ra8 16. Nxd8 Rxa7 17. Nc6 Rb7 18. Nb4 Bd6 19. Nc5 Rc7 20. Nbd3 Ne4 21. Nxe4 dxe4 22. Ne5 Rb8 23. Nc4 Be7 24. b3 Ra7 25. Be2 Rxb3 {Vujacic,I (2050)-Zakaryan,D (2299) chess.com INT 2024 1-0}) 11... Bd6 12. Be2 $146 ({RR} 12. Nh4 Rb8 13. Nxf5 exf5 14. Rb1 Rb6 15. Qa4 Qe7+ 16. Be2 h5 17. Kd1 h4 18. Rf1 hxg3 19. hxg3 Rh2 20. Nf3 Ne4 21. Nxh2 Rxb2 22. Qc6 Rxb1+ 23. Kc2 Rb8 24. Bb5 Qd8 25. Qa6 Qc7 26. c4 Rb6 {Omorjan,D (2286)-Samadov,R (2471) Vrnjacka Banja SRB 2023 0-1}) ({RR} 12. Nh4 Rb8 13. Nxf5 exf5 14. O-O-O g6 15. Be2 Kg7 16. Rhe1 Rb6 17. Qa4 Qc7 18. Bf3 Rhb8 19. Nb3 Qc8 20. Be2 Ne4 21. Qa5 Bb4 22. Qxd5 Nxc3 {0-1 (22) Stabulnieks,K (2182)-Donchenko,A (2657) Riga 2021}) ({RR} 12. Nh4 Bg4 13. h3 Bh5 14. Be2 Bxe2 15. Kxe2 g6 16. Nhf3 Kg7 17. Rhe1 a5 18. Qa4 Qb6 19. Qc2 Rhb8 20. Rab1 a4 21. Kf1 Qc6 22. Re3 Nd7 23. Kg2 Nb6 24. h4 Nc4 25. Nxc4 dxc4 26. Qe4 Qxe4 {Abdurakhmonov,M (2405)-Priyanka,N (2315) Doha QAT 2023 0-1 (77)}) 12... h5 13. c4 dxc4 14. Rc1 c3 15. bxc3 Ba3 16. Rd1 Bc2 17. Qa6 Bb2 18. O-O Bxd1 19. Rxd1 Kg8 20. Nc4 Bxc3 21. Nce5 Qb6 22. Qc4 Qb4 23. Qc7 Rf8 24. Bc4 Qb6 25. Qxb6 axb6 26. Rc1 Bb4 27. Ng5 Bd2 28. Ngxf7 Bxc1 29. Nxh8 Nd5 30. Bxd5 exd5 31. Nhg6 Re8 32. Nd3 Bd2 33. Kf1 Re4 34. f3 Rxd4 35. Ke2 Bg5 36. a3 Kf7 37. Nge5+ Ke6 38. h4 Bf6 39. Nc6 Rc4 40. Ncb4 Be7 41. Nf4+ Rxf4 42. gxf4 Bxb4 43. axb4 Kf5 44. Ke3 b5 45. Kd4 Kxf4 46. Kxd5 g5 47. hxg5 Kxg5 48. Ke5 h4 49. f4+ Kh6 50. Ke4 Kg6 51. Ke3 Kf5 52. Kf3 h3 53. Kg3 h2 54. Kxh2 Kxf4 55. Kg2 Ke3 56. Kf1 Kd2 57. Kf2 Kc3 0-1

[Event "45th Olympiad Budapest 2024"]
[Site "Budapest"]
[Date "2024.09.20"]
[Round "9.3"]
[White "Avila Pavas, Santiago"]
[Black "Mendez Machado, Andre"]
[Result "1-0"]
[WhiteElo "2485"]
[BlackElo "2122"]
[PlyCount "81"]
[EventDate "2024.09.11"]
[EventType "team"]
[EventRounds "11"]
[EventCountry "HUN"]
[WhiteTeam "Colombia"]
[BlackTeam "Panama"]
[WhiteTeamCountry "COL"]
[BlackTeamCountry "PAN"]

1. d4 d5 2. Nf3 e6 3. Bf4 Nf6 4. e3 Bd6 5. Nbd2 c5 6. dxc5 Bxc5 7. Bd3 Nc6 8. O-O O-O 9. c4 ({RR} 9. c3 Re8 10. e4 h6 11. h3 e5 12. Bh2 Bf8 13. Re1 d4 14. cxd4 exd4 15. Rc1 Be6 16. a3 Nd7 17. Bb1 g6 18. Rxc6 bxc6 19. Nxd4 Bg7 20. Nxe6 Rxe6 21. Qc2 Be5 22. f4 Bd4+ 23. Kh1 Rb8 {Moroni,L (2576)-Avila Pavas,S (2513) chess.com INT 2023 1-0 (41)}) 9... h6 ({RR} 9... Qe7 10. Rc1 dxc4 11. Nxc4 b6 12. Qe2 Bb7 13. Rfd1 Rfd8 14. a3 a5 15. Bb1 Ba6 16. Bd3 Nh5 17. Bg5 f6 18. Bh4 g5 19. Bg3 Nxg3 20. hxg3 Rd7 21. Qc2 Rad8 22. Be2 g4 23. Nfd2 f5 24. Nb3 {Melillo,L (2306)-Denishev,M (2111) chess.com INT 2024 0-1 (34)}) 10. Rc1 Bd6 11. cxd5 Bxf4 $146 ({RR} 11... Nxd5 12. Bxd6 Qxd6 13. Ne4 Qe7 14. Bb1 Rd8 15. Qc2 Ndb4 16. Qe2 b6 17. Nc3 Ba6 18. Nb5 Rac8 19. a4 Na5 20. Nfd4 g6 21. Qg4 h5 22. Qg3 Qf6 23. Nxa7 Rxc1 24. Rxc1 e5 25. Nf3 Nb3 26. Re1 {Audi,A (2371)-Arpan,D (2400) Monsaraz POR 2023 1-0 (39)}) 12. dxc6 Bxe3 13. Bb5 Bxd2 14. Nxd2 bxc6 15. Bxc6 Rb8 16. Nc4 Ba6 17. Qa4 Bxc4 18. Rxc4 Qb6 19. b4 Rfd8 20. Qc2 Nd5 21. a3 Rd6 22. h3 Rbd8 23. Qc1 Kh8 24. g3 Kg8 25. Rc5 Ne7 26. Be4 Rd2 27. Rc7 Nf5 28. Bxf5 exf5 29. Qc5 Qg6 30. Qxa7 R2d3 31. Kh2 f4 32. g4 Rxh3+ 33. Kxh3 Qd3+ 34. Kh2 Qxf1 35. Rxf7 Qa1 36. Rxf4 Qe5 37. Qe3 Qd6 38. Kg2 Qg6 39. Qe4 Qg5 40. Qf5 Qe7 41. a4 1-0

[Event "45th Olympiad Budapest 2024"]
[Site "Budapest"]
[Date "2024.09.20"]
[Round "9.4"]
[White "Baules Rodriguez, Jorge Luis"]
[Black "Munoz Triana, Joseph Steve"]
[Result "1/2-1/2"]
[WhiteElo "2271"]
[BlackElo "2270"]
[PlyCount "111"]
[EventDate "2024.09.11"]
[EventType "team"]
[EventRounds "11"]
[EventCountry "HUN"]
[WhiteTeam "Panama"]
[BlackTeam "Colombia"]
[WhiteTeamCountry "PAN"]
[BlackTeamCountry "COL"]

1. d4 Nf6 2. c4 e6 3. Nf3 d5 4. g3 Bd6 5. Bg2 Nc6 6. O-O O-O 7. Nbd2 Re8 8. b3 e5 9. dxe5 Nxe5 10. cxd5 Nxd5 11. Bb2 c6 $146 ({RR} 11... Nxf3+ 12. Nxf3 Nf6 13. Qc2 c6 14. Rfd1 Qe7 15. e3 Bg4 16. Qc4 Be6 17. Qh4 Rad8 18. Ng5 h6 19. Nxe6 Qxe6 20. Bd4 a6 21. Bb6 Be5 22. Bh3 Rxd1+ 23. Rxd1 Qe7 24. Qc4 Qa3 25. Rd2 Bb8 26. Bf5 {Foulon,G (2050)-Hoekx,N Geel 1996 ½-½ (37)}) 12. Nxe5 Bxe5 13. Bxe5 Rxe5 14. Nc4 Re8 15. e4 Nb6 16. Nd6 Re6 17. Nxc8 Rxc8 18. Bh3 Rd6 19. Qc2 Rd2 20. Qc3 Ra8 21. Bg4 Qd4 22. Qxd4 Rxd4 23. Rfe1 Kf8 24. f4 a5 25. Rad1 Rxd1 26. Rxd1 a4 27. Rd4 axb3 28. axb3 Rb8 29. Kf2 Ke7 30. Rb4 Kd6 31. Rd4+ Kc7 32. Ke3 Ra8 33. Bh5 g6 34. Be2 Ra3 35. Rd3 Nd7 36. Rc3 f6 37. h4 Kd6 38. Rd3+ Ke7 39. Rc3 Kd6 40. Rd3+ Kc7 41. Rc3 h6 42. Bd3 g5 43. Be2 b6 44. Kf3 gxh4 45. gxh4 Kd6 46. Kg4 Nc5 47. Kf5 Ke7 48. Bc4 Nb7 49. Kg6 Ra2 50. Kxh6 Rf2 51. Rg3 Nd6 52. Rg7+ Kf8 53. Rg8+ Ke7 54. Rg7+ Kf8 55. Rg8+ Ke7 56. Rg7+ 1/2-1/2

[Event "45th Olympiad Budapest 2024"]
[Site "Budapest"]
[Date "2024.09.20"]
[Round "9.1"]
[White "Stefansson, Vignir Vatnar"]
[Black "Johnson, Joshua"]
[Result "1-0"]
[WhiteElo "2531"]
[BlackElo "2267"]
[PlyCount "81"]
[EventDate "2024.09.11"]
[EventType "team"]
[EventRounds "11"]
[EventCountry "HUN"]
[WhiteTeam "Iceland"]
[BlackTeam "Trinidad & Tobago"]
[WhiteTeamCountry "ISL"]

1. d4 d5 2. c4 c6 3. Nf3 Nf6 4. Qb3 a5 5. cxd5 cxd5 ({RR} 5... a4 6. Qc2 cxd5 7. Nc3 Bd7 8. a3 e6 9. Bg5 Qa5 10. Bd2 Qc7 11. Rc1 Bc6 12. e3 Be7 13. Nxa4 O-O 14. Nc3 Nbd7 15. Bd3 Qb6 16. O-O h6 17. b4 Nb8 18. b5 Be8 19. a4 Bd7 20. Qb3 {Le,Q (2714)-Kamsky,G (2732) Beijing 2011 1-0}) ({RR} 5... Nxd5 6. e4 Nf6 7. Nc3 e6 8. Be2 Bb4 9. Qc2 Nbd7 10. O-O Qe7 11. a3 Bxc3 12. bxc3 e5 13. Bd3 O-O 14. a4 c5 15. dxe5 Nxe5 16. Nxe5 Qxe5 17. f4 Qc7 18. e5 c4 19. exf6 cxd3 20. Qxd3 {Matveeva,O (2156)-Ljukin,S (2362) chess.com INT 2024 1-0 (33)}) 6. Nc3 Nc6 7. Bf4 a4 $146 ({RR} 7... e6 8. e3 Bd6 9. Bxd6 Qxd6 10. Bb5 O-O 11. O-O Bd7 12. Rac1 Rfc8 13. a3 Be8 14. Na4 Rc7 15. Nc5 Ne4 16. Bd3 f5 17. Nxb7 Qe7 18. Nc5 Rb8 19. Qc2 Nxc5 20. Qxc5 Rxb2 21. Bb5 Rxb5 22. Qxb5 {Nogly,C (2238)-Schurade,M (2304) Germany 2014 1-0}) 8. Nxa4 e5 9. Bxe5 Bb4+ 10. Nc3 Ne4 11. Rc1 Qb6 12. Bxg7 Rg8 13. Be5 Nxc3 14. bxc3 Ra3 15. Qb1 Rxc3 16. Kd1 Rxc1+ 17. Qxc1 Bf5 18. Qb2 Qa5 19. e3 Bc3 20. Qxb7 Bd7 21. Qa6 Qxa6 22. Bxa6 Nb4 23. Be2 Ba4+ 24. Kc1 Ke7 25. a3 Nc6 26. Bg3 Ra8 27. Nd2 Na5 28. Bd1 Bxd2+ 29. Kxd2 Nc4+ 30. Ke2 Bb5 31. a4 Ba6 32. Kf3 Nd2+ 33. Kf4 Bf1 34. f3 Bxg2 35. Rg1 Bh3 36. Bh4+ Kd6 37. Rg7 Rc8 38. Rxf7 Rc1 39. Be2 Nf1 40. Rxh7 Rc8 41. Be7+ 1-0

[Event "45th Olympiad Budapest 2024"]
[Site "Budapest"]
[Date "2024.09.20"]
[Round "9.2"]
[White "Cabralis, Quinn"]
[Black "Stefansson, Hannes"]
[Result "0-1"]
[WhiteElo "2169"]
[BlackElo "2471"]
[PlyCount "60"]
[EventDate "2024.09.11"]
[EventType "team"]
[EventRounds "11"]
[EventCountry "HUN"]
[WhiteTeam "Trinidad & Tobago"]
[BlackTeam "Iceland"]
[BlackTeamCountry "ISL"]

1. e4 c6 2. d4 d5 3. e5 Bf5 4. h4 a6 5. h5 c5 6. dxc5 Nc6 7. Bd3 Qd7 ({RR} 7... Bxd3 8. cxd3 Qa5+ 9. Kf1 Qxc5 10. Nf3 e6 11. Nc3 Nge7 12. Bf4 h6 13. Rc1 Qb4 14. g3 Nf5 15. Kg2 Be7 16. Qd2 Nfd4 17. Nxd4 Qxd4 18. Rhe1 Rc8 19. a3 O-O 20. Rc2 Qb6 21. Ne2 d4 22. Rec1 {Vokhidov,S (2643)-Fedoseev,V (2687) chess.com INT 2024 0-1 (66)}) 8. Nf3 Bg4 9. Bf4 f6 ({RR} 9... e6 10. Nbd2 Bxc5 11. Rh4 Nh6 12. Bxh6 Bxf3 13. Nxf3 gxh6 14. a3 Rg8 15. g3 Be7 16. Rf4 Bg5 17. Rg4 O-O-O 18. b4 f5 19. exf6 Bxf6 20. Rxg8 Rxg8 21. Rb1 e5 22. Be2 e4 23. Nh2 Bc3+ 24. Kf1 {De Waele,W (2345)-Victor,J (2289) Wachtebeke BEL 2024 0-1 (35)}) 10. Be2 $146 ({RR} 10. c4 dxc4 11. Be4 Qxd1+ 12. Kxd1 O-O-O+ 13. Kc2 fxe5 14. Be3 Nd4+ 15. Kc3 Nf6 16. Nbd2 e6 17. Kxc4 Nxe4 18. Nxe4 Nxf3 19. gxf3 Bxf3 20. Rh4 Be7 21. Nd6+ Rxd6 {0-1 (21) Carbonell Sancho,M (2364)-Gorshtein,I (2498) Vrnjacka Banja SRB 2023}) 10... Bxf3 11. Bxf3 fxe5 12. Bg3 e6 13. c4 Nf6 14. Nc3 Rd8 15. cxd5 exd5 16. Bh4 e4 17. Be2 Bxc5 18. h6 O-O 19. hxg7 Qxg7 20. Rh3 Kh8 21. Rg3 Qf7 22. Rg5 Ng8 23. f3 Qf4 24. Rxg8+ Rxg8 25. Bxd8 Rxd8 26. Qb3 Nd4 27. Qa4 exf3 28. gxf3 Rg8 29. Qa5 Rg1+ 30. Kf2 Nf5+ 0-1